El retrato de dorian gray (Registro nro. 30449)
[ vista simple ]
| 000 -LEADER | |
|---|---|
| fixed length control field | 00261nam a22000977a 4500 |
| 008 - FIXED-LENGTH DATA ELEMENTS--GENERAL INFORMATION | |
| fixed length control field | 231128b |||||||| |||| 00| 0 eng d |
| 082 ## - DEWEY DECIMAL CLASSIFICATION NUMBER | |
| Classification number | A - N / |
| Item number | WILR6 |
| 100 ## - MAIN ENTRY--PERSONAL NAME | |
| Personal name | Wilde, Oscar |
| Relator term | Autor |
| 9 (RLIN) | 41972 |
| 245 ## - TITLE STATEMENT | |
| Title | El retrato de dorian gray |
| Statement of responsibility, etc. | Oscar Wilde |
| 942 ## - ADDED ENTRY ELEMENTS (KOHA) | |
| Source of classification or shelving scheme | Dewey Decimal Classification |
| Withdrawn status | Lost status | Source of classification or shelving scheme | Damaged status | Not for loan | Collection code | Home library | Current library | Date acquired | Total Checkouts | Full call number | Barcode | Date last seen | Copy number | Price effective from | Koha item type | Public note |
|---|---|---|---|---|---|---|---|---|---|---|---|---|---|---|---|---|
| Dewey Decimal Classification | Fiction | Biblioteca Pública José María del Castillo y Rada | Biblioteca Pública José María del Castillo y Rada | 11/28/2023 | A - N / WILR6 | 35714005463107 | 11/28/2023 | Ej. 1 | 11/28/2023 | Books | Material interbibliotecario Bibliored |